[Event "Lisbon Cup 26th"]
[Site "Lisbon"]
[Date "2015.03.01"]
[Round "3"]
[White "Martins, Abilio Morgado"]
[Black "Belo, Miguel Angelo Petin"]
[Result "0-1"]
[WhiteElo "1489"]
[BlackElo "1818"]
[PlyCount "58"]
[EventDate "2015.01.18"]
[EventType "swiss"]
[EventRounds "7"]
[EventCountry "POR"]
[SourceTitle "EXT 2017"]
[Source "ChessBase"]
[SourceDate "2016.10.25"]
[SourceVersion "1"]
[SourceVersionDate "2016.10.25"]
[SourceQuality "1"]

1. Nf3 d5 2. d4 Bf5 3. g3 h6 4. b3 Nf6 5. Bb2 e6 6. Bg2 Be7 7. 0-0 0-0 8. Nbd2 a5 9. a4 Na6 10. c4 c6 11. Rc1 Nb4 12. c5 Nd7 13. Re1 Bh7 14. Bf1 Na2 15. Ra1 Nb4 16. Ba3 Nc2 17. e4 Nxa1 18. Qxa1 Rb8 19. exd5 exd5 20. Rc1 Re8 21. Bh3 Qc7 22. Bxd7 Qxd7 23. Ne5 Qh3 24. Re1 Bf6 25. Qc3 Bg5 26. Ndf3 Be4 27. Bc1 Bf6 28. Bd2 g5 29. Nd7 Qxd7 0-1

[Event "Lisbon Christmas op"]
[Site "Lisbon"]
[Date "2014.12.30"]
[Round "8"]
[White "Guimaraes, Rui"]
[Black "Belo, Miguel Angelo Petin"]
[Result "0-1"]
[WhiteElo "2067"]
[BlackElo "1850"]
[PlyCount "67"]
[EventDate "2014.12.26"]
[EventType "swiss"]
[EventRounds "9"]
[EventCountry "POR"]
[SourceTitle "EXT 2018"]
[Source "ChessBase"]
[SourceDate "2017.10.13"]
[SourceVersion "1"]
[SourceVersionDate "2017.10.13"]
[SourceQuality "1"]

1. e4 c5 2. Nc3 d6 3. g3 Nc6 4. Bg2 g6 5. d3 Bg7 6. Nge2 Nf6 7. 0-0 0-0 8. f4 Be6 9. h3 Qb6 10. Kh1 a6 11. g4 Nxg4 12. hxg4 Bxg4 13. Bf3 f5 14. Ng1 h5 15. Kg2 Nd4 16. Nce2 Nxf3 17. Nxf3 Bf6 18. Nh2 e6 19. Nxg4 fxg4 20. c3 Qc6 21. Be3 Rad8 22. Qc2 d5 23. Rad1 Rd7 24. Rd2 b6 25. b4 Rc8 26. bxc5 bxc5 27. Rdd1 Rcd8 28. d4 dxe4 29. dxc5 Rd3 30. Bd4 Bh4 31. Kg1 Rh3 32. Be5 Rdd3 33. Rd2 e3 34. Ng3 0-1

[Event "Lisbon Christmas op"]
[Site "Lisbon"]
[Date "2014.12.27"]
[Round "2"]
[White "Belo, Miguel Angelo Petin"]
[Black "Shamima, Akter Liza"]
[Result "0-1"]
[WhiteElo "1850"]
[BlackElo "2159"]
[PlyCount "147"]
[EventDate "2014.12.26"]
[EventType "swiss"]
[EventRounds "9"]
[EventCountry "POR"]
[SourceTitle "EXT 2018"]
[Source "ChessBase"]
[SourceDate "2017.10.13"]
[SourceVersion "1"]
[SourceVersionDate "2017.10.13"]
[SourceQuality "1"]

1. e4 c5 2. c3 d5 3. exd5 Qxd5 4. d4 Nf6 5. Nf3 e6 6. Bd3 Nc6 7. Na3 cxd4 8. Nb5 Qd8 9. Nbxd4 Nxd4 10. cxd4 Be7 11. 0-0 0-0 12. Ne5 Qd5 13. Be3 b5 14. Qb3 a6 15. Be2 Bb7 16. Qxd5 Nxd5 17. Bf3 Rac8 18. Rac1 f6 19. Nd7 Rfd8 20. Nc5 Nxe3 21. fxe3 Bxf3 22. gxf3 Rc6 23. Nb3 Rc4 24. Rxc4 bxc4 25. Na5 e5 26. Nc6 Rd7 27. Nxe7+ Rxe7 28. d5 e4 29. Kf2 Rb7 30. Rb1 f5 31. fxe4 fxe4 32. Ke2 Kf7 33. b3 cxb3 34. axb3 Ke7 35. Kd2 Kd6 36. Kc3 Kxd5 37. Ra1 Rc7+ 38. Kd2 Rc6 39. Ra5+ Ke6 40. Ra4 Kf5 41. h3 Rd6+ 42. Ke2 Rb6 43. b4 g5 44. Kf2 h5 45. Ra5+ Kg6 46. Ra4 h4 47. Kg1 Kh5 48. Kh2 Rc6 49. b5 axb5 50. Rxe4 Rc2+ 51. Kg1 Rb2 52. Re8 b4 53. e4 b3 54. Rb8 Rb1+ 55. Kf2 b2 56. Kg2 Kg6 57. Rb6+ Kf7 58. e5 Ke7 59. Kh2 Kd7 60. Kg2 Kc7 61. Rb5 Kc6 62. Rb3 Kd5 63. Rb5+ Kc4 64. Rb8 Kc3 65. e6 Re1 66. Rc8+ Kd4 67. Rd8+ Kc5 68. Rc8+ Kd6 69. Rd8+ Ke7 70. Rb8 b1Q 71. Rxb1 Rxb1 72. Kf3 Kxe6 73. Kg4 Rg1+ 74. Kh5 0-1

[Event "Lisbon Christmas op"]
[Site "Lisbon"]
[Date "2014.12.27"]
[Round "3"]
[White "Rego, Pedro Filipe"]
[Black "Belo, Miguel Angelo Petin"]
[Result "1-0"]
[WhiteElo "2284"]
[BlackElo "1850"]
[PlyCount "88"]
[EventDate "2014.12.26"]
[EventType "swiss"]
[EventRounds "9"]
[EventCountry "POR"]
[SourceTitle "EXT 2018"]
[Source "ChessBase"]
[SourceDate "2017.10.13"]
[SourceVersion "1"]
[SourceVersionDate "2017.10.13"]
[SourceQuality "1"]

1. e4 c5 2. Nf3 d6 3. Nc3 Nf6 4. d4 cxd4 5. Nxd4 a6 6. Bg5 e5 7. Nb3 Be7 8. Qd2 Be6 9. 0-0-0 Nbd7 10. Kb1 Rc8 11. f4 h6 12. Bxf6 Nxf6 13. f5 Bd7 14. Be2 b5 15. Bf3 Qc7 16. g4 b4 17. Nd5 Nxd5 18. exd5 a5 19. h4 Qd8 20. Qf2 Rc4 21. Nd2 Rf4 22. Qg3 a4 23. Rde1 a3 24. Ne4 Qc7 25. b3 h5 26. Re2 Kf8 27. c4 bxc3 28. gxh5 Bxf5 29. Rg1 Rh7 30. Rc1 Qc5 31. Ka1 Qd4 32. Nxc3 Bxh4 33. Qg2 e4 34. Bxe4 Bf6 35. Bxf5 Rxf5 36. Re4 Qd3 37. Rc4 g6 38. hxg6 fxg6 39. Rc8+ Kf7 40. Rc7+ Be7 41. Qe4 Qxe4 42. Nxe4 Rxd5 43. Rf1+ Ke8 44. Kb1 Kd8 1-0

[Event "Lisbon Honra-B"]
[Site "Lisbon"]
[Date "2014.06.08"]
[Round "1"]
[White "Cadeirinhas, David Eduardo Lour"]
[Black "Belo, Miguel Angelo Petin"]
[Result "0-1"]
[WhiteElo "1877"]
[BlackElo "1856"]
[PlyCount "44"]
[EventDate "2014.06.08"]
[EventType "tourn"]
[EventRounds "9"]
[EventCountry "POR"]
[SourceTitle "EXT 2015"]
[Source "ChessBase"]
[SourceDate "2014.11.20"]
[SourceVersion "1"]
[SourceVersionDate "2014.11.20"]
[SourceQuality "1"]

1. c4 e5 2. g3 Nc6 3. Bg2 Bc5 4. Nc3 a6 5. a3 Ba7 6. d3 d6 7. e3 Be6 8. b4 Nf6 9. Nd5 Bxd5 10. cxd5 Ne7 11. Qa4+ b5 12. Qb3 Qd7 13. Bb2 Qf5 14. Ne2 Qh5 15. h3 0-0 16. Rc1 Rac8 17. Rc2 Kh8 18. 0-0 Nf5 19. g4 Nxg4 20. hxg4 Qxg4 21. e4 Nh4 22. Ng3 Qxg3 0-1

[Event "Lisbon Check Mate op 1st"]
[Site "Lisbon"]
[Date "2013.08.14"]
[Round "6.12"]
[White "Reis, Luis Simoes"]
[Black "Belo, Miguel Angelo Petin"]
[Result "1-0"]
[WhiteElo "2010"]
[BlackElo "1850"]
[PlyCount "113"]
[EventDate "2013.08.10"]
[EventType "swiss"]
[EventRounds "7"]
[EventCountry "POR"]
[SourceTitle "EXT 2015"]
[Source "ChessBase"]
[SourceDate "2014.11.20"]
[SourceVersion "1"]
[SourceVersionDate "2014.11.20"]
[SourceQuality "1"]

1. Nf3 d5 2. c4 c6 3. Qc2 d4 4. b4 Bg4 5. Ne5 Bh5 6. e3 f6 7. g4 fxe5 8. gxh5 e6 9. c5 Qh4 10. Qc4 Kf7 11. Be2 Nf6 12. Kd1 a5 13. Rf1 axb4 14. f4 exf4 15. Rxf4 Qxh2 16. Qxb4 b5 17. Qxd4 Be7 18. Nc3 Rd8 19. Qe4 Qg1+ 20. Kc2 Qh2 21. Bg4 Ra7 22. Bxe6+ Ke8 23. Qf5 Qxh5 24. Qxh5+ Nxh5 25. Bf7+ Kd7 26. Bxh5 Bf6 27. d4 Na6 28. Kb3 Rg8 29. Ne4 Be7 30. Bd2 Nc7 31. Raf1 Rga8 32. Bg4+ Kd8 33. Ra1 Ke8 34. a3 Nd5 35. Rf3 b4 36. Bxb4 Rb8 37. Rb1 g6 38. Nc3 Nf6 39. Be6 Kd8 40. Kc4 Kc7 41. e4 Rf8 42. e5 Nh5 43. Rxf8 Bxf8 44. Rf1 Bg7 45. Rf7+ Kb8 46. Rxa7 Kxa7 47. Ne4 Nf4 48. Bd7 Kb7 49. Nd6+ Kc7 50. Be8 g5 51. Ba5+ Kb8 52. Bxc6 g4 53. Nf5 Bh8 54. Be1 h5 55. Be8 Kc7 56. Bg3 Ne2 57. Bxh5 1-0

[Event "POR-ch prel"]
[Site "Lisbon"]
[Date "2013.07.20"]
[Round "8.9"]
[White "Belo, Miguel Angelo Petin"]
[Black "Ferreira, Paulo"]
[Result "0-1"]
[WhiteElo "1828"]
[BlackElo "2082"]
[PlyCount "56"]
[EventDate "2013.07.15"]
[EventType "swiss"]
[EventRounds "9"]
[EventCountry "POR"]
[SourceTitle "EXT 2015"]
[Source "ChessBase"]
[SourceDate "2014.11.20"]
[SourceVersion "1"]
[SourceVersionDate "2014.11.20"]
[SourceQuality "1"]

1. b3 c5 2. Bb2 d5 3. e3 a6 4. Nf3 Nc6 5. c4 d4 6. d3 e5 7. g3 dxe3 8. fxe3 Bd6 9. d4 Bg4 10. Be2 exd4 11. Nxd4 cxd4 12. Bxg4 Qa5+ 13. Kf1 h5 14. Bf3 Qf5 15. Kg2 h4 16. Rf1 Qg5 17. Bxc6+ bxc6 18. Qf3 Ne7 19. Qxf7+ Kd7 20. Bxd4 hxg3 21. h3 Qh4 22. Rh1 Raf8 23. Qxg7 Qe4+ 24. Kg1 Qc2 25. Qg4+ Kc7 26. e4 Rf2 27. Nc3 Rg2+ 28. Kf1 Rf8+ 0-1

[Event "POR-ch prel"]
[Site "Lisbon"]
[Date "2013.07.18"]
[Round "5.16"]
[White "Belo, Miguel Angelo Petin"]
[Black "Garcia, Antonio Manuel Cost"]
[Result "1-0"]
[WhiteElo "1828"]
[BlackElo "1953"]
[PlyCount "99"]
[EventDate "2013.07.15"]
[EventType "swiss"]
[EventRounds "9"]
[EventCountry "POR"]
[SourceTitle "EXT 2015"]
[Source "ChessBase"]
[SourceDate "2014.11.20"]
[SourceVersion "1"]
[SourceVersionDate "2014.11.20"]
[SourceQuality "1"]

1. b3 Nf6 2. Bb2 d5 3. e3 Bf5 4. f4 Nbd7 5. Nf3 Bg4 6. Be2 e6 7. 0-0 Bc5 8. c4 dxc4 9. bxc4 0-0 10. Nc3 Qe7 11. a3 Bxf3 12. Rxf3 e5 13. Rg3 exf4 14. Nd5 Qd6 15. Nxf4 Qxf4 16. d4 Qf5 17. Bd3 Qe6 18. dxc5 Ne5 19. Qf1 g6 20. Be2 Ne4 21. Rh3 f6 22. Qf4 Ng5 23. Rg3 Rad8 24. Bxe5 Rd2 25. Bf1 fxe5 26. Qxg5 Rf5 27. Qh6 Qf7 28. e4 Rff2 29. Rf3 Rxf3 30. Qxd2 Rf4 31. Bd3 Qd7 32. Qe3 Qa4 33. Qh3 Qa5 34. Qe6+ Kf8 35. Qxe5 Qd2 36. Qh8+ Ke7 37. Qd4 Rg4 38. Qe5+ Kd7 39. Bf1 Rg5 40. Qg7+ Ke8 41. Qg8+ Ke7 42. Qxh7+ Ke8 43. Qh8+ Ke7 44. Rb1 Qe3+ 45. Kh1 Qf4 46. Rd1 Rh5 47. Qd8+ Ke6 48. Qd7+ Kf6 49. h3 Qxe4 50. Bd3 1-0